Quizzes
Events
Quiz Creation
Community
Videos
Private Events
Remove Ads
Sign In
Join for FREE
Feedback
Dark Mode
Quiz Categories
Sports
Geography
Music
Movies
Television
Just For Fun
Miscellaneous
History
Literature
Language
Science
Gaming
Entertainment
Religion
Holiday
For Kids
Quiz Lab
Recent
Popular Today
Quiz Kudos Today
Editor Picks
Curator Picks
Quizzes by...
Day
Popularity
Type
Ratings
Length
Year
Community
Subscriptions
Recent Discussions
Orange Saloon
Badges
Playlists
Quests
Create
Leaderboards
Showdown
Live 5
Trivia Bingo
Activity
Puzzle Library
Sporcle Events
Private Events
Virtual Trivia
Globe League
Become a Host
Pub Owners
SporcleCon
Opinionation
Our Games
Videos
Blog
Mobile Apps
Partnerships
Remove Ads and Go Orange
Feedback
Geography
Country
Landmarks
City
State
Population
World
Capital
Continent
Flags
Europe
Africa
Asia
South America
North America
Oceania
Border
Canada
United Kingdom
Topography
United States
Geography
Country
Landmarks
City
State
Population
World
Capital
Continent
Flags
Europe
Africa
Asia
South America
North America
Oceania
Border
Canada
United Kingdom
Topography
United States
Random Quiz
Search Sporcle
×
Quiz Lab
Quiz Lab
Geography
Capital
Click on regions of an image
Click on regions of an image
Picture Click
Best Score? Go Orange.
Country by Capital City Airport- Europe Stats
Can you click the European countries where these airports are the Capital City's main airport?
By
NO_r_WAY
10m
47 Questions
3,934 Plays
3,934 Plays
3,934 Plays
Comments
Comments
Give Quiz Kudos
Give Quiz Kudos
-
- Ratings
hide this ad
Forced Order
Answers have to be entered in order
Answers have to be entered in order
Replay
Link that replays current quiz
Next Quiz
Link to next quiz in quiz playlist
You Got
0%
They Got
Avg Score
65%
Avg Friend Score
Upgrade to see
Score Distribution
Jump to the score distribution portion of the page
Score
0/47
Timer
10:00
0
Plays Today
% Correct
Dublin
93%
Heathrow
92.5%
Charles de Gaulle
91.9%
Helsinki-Vantaa
91.2%
Brussels-Bruxelles
91.2%
Leonardo da Vinci
91.1%
Bern
89.9%
Andorra la Vella Heliport
89.7%
Minsk National
88.4%
Malta International
88.3%
Monaco Heliport
87%
Vatican City Heliport
85.2%
Sofia
84.5%
Vilnius
83.8%
Riga International
82.3%
Chișinău
79.8%
Wien-Schwechat
78.8%
Schiphol
75.6%
Adolfo Suárez - Barajas
75.3%
Keflavik
72.8%
Podgorica-Golubovci
71%
Eleftherios Venizelos
67.2%
Chopin
66.9%
Tegel
65.4%
% Correct
Portela
64.8%
Václav Havel
63.1%
Borgo Maggiore Heliport
61.7%
Alexander the Great
61.1%
Ferenc Liszt
61.1%
Larnaca
59.1%
Arlanda
57.6%
Nënë Tereza
51.9%
Domodedovo
50.9%
Nikola Tesla
48.9%
Boryspil
47.8%
Gardermoen
47.8%
Kastrup
47.7%
Henri Coandă
46.8%
M. R. Štefánik
43.9%
Heliport Balzers
38.9%
Lennart Meri
36.9%
Franjo Tuđman
36.2%
Butmir
33.6%
Adem Jashari
32.8%
Esenboğa
32.4%
Jože Pučnik
28.2%
Findel
24.9%
Quiz Playlist
Details
Report
Send in Message
Add To Playlist
Picture Click:
Click on regions of an image
Forced Order:
Answers have to be entered in order
Last Updated: Jul 14, 2017
Quiz Scoreboard
CHALLENGE
Sign Up to Join the Scoreboard
Show All
Scores
Hide
Comments
May contain spoilers
Recently Published
College Basketball Coaching Resumes
by pancakes188
Sports
9m
Billboard Blitz: Fleetwood Mac
by CooCooCachoo
Music
15s
Presidents Visiting Landmarks
by Hejman
History
7m
More to Explore
Quiz From the Vault
Featured Blog Post
Where Did the Easter Bunny Come From?
hide this ad
You Might Also Like...
Tags
Capital Quiz
Country Quiz
Today's Top Quizzes in Geography
Browse Geography
hide this ad
Today's Top Quizzes in Capital
Browse Capital
Top Contributed Quizzes in Geography
1
Countries of the World - No Outlines Minefield
2
Top 25 Cities of France on a map
3
Any capital of a 'B' country per Continent
4
Any capital of a 'C' country per Continent
5
Closest Countries to UK A-Z
6
Any capital of a 'D' country per Continent
7
5-to-1: US Geography No Hints
8
Any capital of an 'E' country per Continent
9
One Thing in Common: United Kingdom
10
Click the Alabama Counties! (Map)
Explore More
Trending Topics
Kpop
NBA
Harry Potter
Disney
Crossword
Anime
Marvel
The Office
Country
Song
Soccer
NFL
Puzzle
Pokémon
WWE
hide this ad
More By:
NO_r_WAY
Quiz
Plays
Rating
Category
Featured
Created
Country by Soccer Player
249,052
4.10
Sports
Jul 11, 2016
Country on a Map Per Letter: Europe
171,869
4.63
Geography
Oct 29, 2018
Europe by Soccer Teams
161,808
4.36
Sports
Dec 2, 2016
2018 World Cup Teams
127,236
4.67
Sports
Nov 17, 2017
Ridiculously Obvious Signs
113,279
4.70
Just For Fun
May 30, 2017
Go to Creator's Profile
Score Distribution
Quiz Creator Spotlight
NO_r_WAY
Follow
Send a Message
Quizzes Created
-
Created Quiz Play Count
-
More By This Creator
Popular Quizzes Today
1
Find the US States - No Outlines Minefield
2
Find the Countries of Europe - No Outlines Minefield
3
The Countries of the World
4
Find the US States
5
Risky Map Clicking: Biggest States A-Z
6
US States
7
Popular People in 1961
8
Movies - When Are They Set?
More Geography Quizzes
Paint the Flag IV
Published
Trending Quizzes
Risky Map Clicking: Least Populous States A-Z
1-10 Letter G Words
1-10 Letter F Words
Risky Map Clicking: Next State Alphabetically
Click the Washington State Counties! (Map)
Recently Updated
Leaping Animals
pecheneg
Reality TV Shows (A-Z)
bhenderson79
Rickey Henderson's Hall of Fame Teammates
pecheneg
Champions League XIs: Arsenal
pecheneg
Quick Pick: Celebrities in WWE's Hall of Fame
aduchscher
A-Z Keypad Blitz II
pecheneg
Multiple Oscar Actors
pecheneg
Mystery Phrase Blitz: Oscar 'Best Actors'
pecheneg
F. Scott Fitzgerald Novels
LTH
Pick 3 Villains
ddd62291
Trending Topics
Disney
Kpop
Crossword
Harry Potter
NBA
Anime
Marvel
Country
The Office
Puzzle
NFL
WWE
Song
Pokémon
Soccer
Your Account Isn't Verified!
In order to create a playlist on Sporcle, you need to verify the email address you used during registration. Go to your
Sporcle Settings
to finish the process.
Report this User
Report this user for behavior that violates our
Community Guidelines
.
Details:
Send Report
Go to the Sporcle.com Mobile Site →
Comments